Normal view
MARC view
Entry Personal Name
001 - CONTROL NUMBER
- control field: 18004
003 - CONTROL NUMBER IDENTIFIER
- control field: BD-RjUL
005 - DATE AND TIME OF LATEST TRANSACTION
- control field: 20260405111746.0
008 - FIXED-LENGTH DATA ELEMENTS
- fixed length control field: 260405|| aca||aabn | a|a d
040 ## - CATALOGING SOURCE
- Original cataloging agency: BD-RjUL
- Transcribing agency: BD-RjUL
100 ## - HEADING--PERSONAL NAME
- Personal name: Leitch, Vincent B.,
- Dates associated with a name: 1944-
670 ## - SOURCE DATA FOUND
- Source citation: Work cat.: (BD-RjUL)86314: The Norton anthology of theory and criticism /, c2018.